Gene cloning and manipulation / (Record no. 7019)

MARC details
000 -LEADER
fixed length control field 01587pam a22003974a 4500
001 - CONTROL NUMBER
control field 1293675
003 - CONTROL NUMBER IDENTIFIER
control field OSt
005 - DATE AND TIME OF LATEST TRANSACTION
control field 20210824155116.0
008 - FIXED-LENGTH DATA ELEMENTS--GENERAL INFORMATION
fixed length control field 061127s2007 enka b 001 0 eng
010 ## - LIBRARY OF CONGRESS CONTROL NUMBER
LC control number 2006039342
020 ## - INTERNATIONAL STANDARD BOOK NUMBER
International Standard Book Number 9780521817936 (hardback)
020 ## - INTERNATIONAL STANDARD BOOK NUMBER
International Standard Book Number 0521817935 (hardback)
020 ## - INTERNATIONAL STANDARD BOOK NUMBER
International Standard Book Number 9780521521055 (pbk.)
020 ## - INTERNATIONAL STANDARD BOOK NUMBER
International Standard Book Number 052152105X (pbk.)
040 ## - CATALOGING SOURCE
Original cataloging agency DNLM
Transcribing agency DNLM
041 0# - LANGUAGE CODE
Language code of text/sound track or separate title eng
042 ## - AUTHENTICATION CODE
Authentication code pcc
060 00 - NATIONAL LIBRARY OF MEDICINE CALL NUMBER
Classification number QU 450
Item number H855g 2007
082 ## - DEWEY DECIMAL CLASSIFICATION NUMBER
Classification number 572.86CHR 2007
100 1# - MAIN ENTRY--PERSONAL NAME
Personal name Howe, C. J.
9 (RLIN) 14414
245 10 - TITLE STATEMENT
Title Gene cloning and manipulation /
Statement of responsibility, etc. Christopher Howe.
250 ## - EDITION STATEMENT
Edition statement 2nd ed.
260 ## - PUBLICATION, DISTRIBUTION, ETC. (IMPRINT)
Place of publication, distribution, etc. Cambridge ;
-- New York :
Name of publisher, distributor, etc. Cambridge University Press,
Date of publication, distribution, etc. 2007.
300 ## - PHYSICAL DESCRIPTION
Extent 266 p. :
Other physical details ill.
336 ## - CONTENT TYPE
Content type term text
Content type code txt
Source rdacontent
337 ## - MEDIA TYPE
Media type term unmediated
Media type code n
Source rdamedia
338 ## - CARRIER TYPE
Carrier type term volume
Carrier type code nc
Source rdacarrier
504 ## - BIBLIOGRAPHY, ETC. NOTE
Bibliography, etc Includes bibliographical references (p. [250]-256) and index.
505 0# - FORMATTED CONTENTS NOTE
Formatted contents note The tools for the job -- Polymerase chain reaction -- Simple cloning -- Other vector systems for E. coli -- Making libraries -- Screening libraries -- Modification and mutagenesis -- Use of cloned DNA -- Using other organisms -- Examples.
650 12 - SUBJECT ADDED ENTRY--TOPICAL TERM
Topical term or geographic name as entry element Cloning, Molecular
General subdivision methods
Authority record control number https://id.nlm.nih.gov/mesh/D003001Q000379
9 (RLIN) 14415
650 22 - SUBJECT ADDED ENTRY--TOPICAL TERM
Topical term or geographic name as entry element Escherichia coli
General subdivision genetics
Authority record control number https://id.nlm.nih.gov/mesh/D004926Q000235
9 (RLIN) 14416
650 22 - SUBJECT ADDED ENTRY--TOPICAL TERM
Topical term or geographic name as entry element Transformation, Genetic
Authority record control number https://id.nlm.nih.gov/mesh/D014170
9 (RLIN) 14417
650 22 - SUBJECT ADDED ENTRY--TOPICAL TERM
Topical term or geographic name as entry element Gene Library
Authority record control number https://id.nlm.nih.gov/mesh/D015723
9 (RLIN) 14418
942 ## - ADDED ENTRY ELEMENTS (KOHA)
Source of classification or shelving scheme Dewey Decimal Classification
Koha item type Open Shelf
Holdings
Withdrawn status Lost status Source of classification or shelving scheme Damaged status Not for loan Home library Current library Date acquired Source of acquisition Inventory number Total Checkouts Full call number Barcode Date last seen Price effective from Koha item type
    Dewey Decimal Classification     MUST Main Library MUST Main Library 24/08/2021 Purchase 11/33001   572.86CHR 2007 2021-0701 24/08/2021 24/08/2021 Open Shelf
    Other/Generic Classification Scheme     MUST Main Library MUST Main Library 25/03/2024 Purchase 10/32124   572.86CHR 2007 2024-0104 25/03/2024 25/03/2024 Open Shelf